Sports Quiz

Random Sports or MLB Quiz

MLB Most Starts At Pitcher By Team (00-10) Quiz Stats

 Plays Quiz not verified by Sporcle

Challenge
Share
Tweet
Embed
Score 0/150 Timer 12:00
0 Plays Today
Player % Correct
Randy Johnson
98%
Josh Johnson
97.8%
Tim Hudson
93.6%
Tim Hudson
93.6%
Curt Schilling
93.1%
Tom Glavine
92.1%
Justin Verlander
92.1%
Tom Glavine
92.1%
Tim Wakefield
91.9%
Carlos Zambrano
91.9%
C.C. Sabathia
91.9%
Ervin Santana
91.9%
Johan Santana
91.9%
Greg Maddux
91.6%
Mark Buehrle
91.6%
Felix Hernandez
91.6%
Livan Hernandez
91.6%
Orlando Hernandez
91.4%
Cliff Lee
91.1%
Barry Zito
90.9%
Barry Zito
90.9%
Roy Halladay
90.4%
Roy Oswalt
89.9%
Roger Clemens
89.9%
Roger Clemens
89.9%
Andy Pettitte
88.9%
Andy Pettitte
88.9%
Josh Beckett
88.4%
Chris Carpenter
88.2%
John Smoltz
87.7%
Pedro Martinez
87.7%
Brandon Webb
87.4%
Zach Greinke
87.4%
Mike Mussina
86.7%
Jake Peavy
86%
Tim Lincecum
85.7%
Mark Mulder
82.3%
Bronson Arroyo
81.8%
Ubaldo Jimenez
81.8%
Adam Wainwright
81.5%
Ben Sheets
81.3%
Jamie Moyer
80.8%
Jamie Moyer
80.8%
Derek Lowe
80%
Derek Lowe
80%
Aaron Harang
79.3%
Cole Hamels
79.3%
John Lackey
78.6%
Kerry Wood
78.3%
Dan Haren
77.6%
Player % Correct
Jered Weaver
76.8%
Matt Cain
76.1%
Mark Prior
75.9%
James Shields
74.4%
Dontrelle Willis
74.1%
A.J. Burnett
73.4%
A.J. Burnett
73.4%
Kevin Millwood
73.2%
Kevin Millwood
73.2%
Scott Kazmir
72.9%
Jon Lester
72.7%
Wandy Rodriguez
70%
Kenny Rogers
69.7%
Jason Schmidt
69.5%
Freddy Garcia
68%
Freddy Garcia
68%
Brett Myers
65.5%
Ted Lilly
64.8%
Brad Radke
64.8%
Ted Lilly
64.8%
Ryan Dempster
64.3%
Javier Vazquez
62.8%
Aaron Cook
62.3%
Matt Garza
61.6%
Chad Billingsley
60.3%
Jeremy Bonderman
59.6%
Odalis Perez
59.1%
Fausto Carmona
58.6%
Jeff Francis
58.6%
Kip Wells
58.4%
Jon Garland
58.1%
Jake Westbrook
57.4%
Zach Duke
57.1%
Chris Young
56.7%
Kevin Brown
56.2%
Erik Bedard
55.2%
Johnny Cueto
54.9%
Al Leiter
54.9%
Doug Davis
54.7%
Doug Davis
54.7%
Matt Morris
54.7%
John Danks
54.2%
Brad Penny
53.9%
Brad Penny
53.9%
Gil Meche
53.2%
Gil Meche
53.2%
Jeremy Guthrie
52.5%
Jeff Suppan
52%
Jeff Suppan
52%
Joe Blanton
52%
Player % Correct
Jeff Suppan
52%
Woody Williams
51.7%
Randy Wolf
50.2%
Jose Contreras
49.5%
Chien-Ming Wang
48.8%
Rodrigo Lopez
48.5%
John Maine
46.1%
Nate Robertson
45.6%
Paul Maholm
44.8%
Sidney Ponson
44.1%
Ramon Ortiz
43.6%
Vicente Padilla
43.3%
Vicente Padilla
43.3%
Daniel Cabrera
41.4%
Scott Baker
41.1%
Chan Ho Park
40.9%
Shaun Marcum
40.4%
Ricky Nolasco
40.1%
Steve Trachsel
39.4%
Mike Pelfrey
38.9%
Mike Maroth
37.9%
Kyle Lohse
37.2%
Jason Jennings
36.5%
Wade Miller
36.2%
Jarrod Washburn
35%
Chris Capuano
33.5%
John Lannan
32.8%
Ian Snell
32.3%
Jason Marquis
31.5%
Paul Byrd
30.3%
Eric Milton
30%
Miguel Batista
28.3%
Joel Pineiro
28.1%
Josh Fogg
27.3%
Kirk Rueter
27.3%
David Bush
25.1%
Brian Bannister
24.4%
Tony Armas
21.7%
Joe Mays
20.4%
Andy Sonnanstine
19%
Mark Hendrickson
16.3%
Brian Lawrence
15.8%
Adam Eaton
15.8%
Scott Feldman
15.5%
Shawn Chacon
13.5%
Josh Towers
12.6%
Tomo Ohka
10.6%
Kyle Davies
10.3%
Elmer Dessens
9.6%
Steve Sparks
7.4%

You're not logged in!

Compare scores with friends on all Sporcle quizzes.
OR
Log In

You Might Also Like...

Show Comments

Extras

Top Quizzes Today


Score Distribution

Your Account Isn't Verified!

In order to create a playlist on Sporcle, you need to verify the email address you used during registration. Go to your Sporcle Settings to finish the process.

Report this User

Report this user for behavior that violates our Community Guidelines.

Details: